Normal view
MARC view
- MS- BioInformatics
Entry Topical Term
001 - CONTROL NUMBER
- control field: 81486
003 - CONTROL NUMBER IDENTIFIER
- control field: NUST
005 - DATE AND TIME OF LATEST TRANSACTION
- control field: 20210812115916.0
008 - FIXED-LENGTH DATA ELEMENTS
- fixed length control field: 210812|| aca||aabn | a|a d
040 ## - CATALOGING SOURCE
- Original cataloging agency: NUST
- Transcribing agency: NUST
150 ## - HEADING--TOPICAL TERM
- Topical term or geographic name entry element: MS- BioInformatics
670 ## - SOURCE DATA FOUND
- Source citation: Work cat.: (NUST): IQRA TAHREEM. 81485, Predictive Modelling of three Subtypes of Leukemia using Complete Blood Count Reports:, 2021.
